| 000 | 01287nam a22002057a 4500 | ||
|---|---|---|---|
| 999 |
_c61789 _d61789 |
||
| 005 | 20251125233055.0 | ||
| 008 | s2552 th ||||| |||| 00| 0 tha d | ||
| 020 | _a9789747710397 | ||
| 040 | _aNALT | ||
| 090 | _aKE54 บ254ค 2552 | ||
| 245 | 1 | 0 | _aคู่มือการวินิจฉัยปัญหาเกี่ยวกับการปฏิบัติตามระเบียบสำนักนายกรัฐมนตรีว่าด้วยการพัสดุ พ.ศ. 2535 และที่แก้ไขเพิ่มเติม |
| 260 | 3 |
_aกรุงเทพฯ : _bคณะรัฐมนตรีและราชกิจจานุเบกษา, _c2552 |
|
| 300 |
_a411 หน้า : _b ตาราง ; _c 26 ซม. |
||
| 610 | _aกรมบัญชีกลาง. คณะกรรมการจัดทำหนังสือเพื่อจำหน่าย | ||
| 650 | 0 | 4 | _aพัสดุ -- กฎหมายและระเบียบข้อบังคับ |
| 850 | _aNALT | ||
| 856 | 4 | 0 | _uhttps://hdl.handle.net/20.500.14156/301411 |
| 942 |
_cLB _03 _2lcc |
||
| 998 |
_j8 _k นายบัณฑิต อุทาวงค์ |
||